000 00576nam a2200205Ia 4500
005 20250508165227.0
008 008 250505s9999 xx 000 0 eng d
020 _a978-81-203-4353-5
037 _aTextBook
040 _aFEDL
_beng
_cFEDL
041 _aeng
_2eng
084 _a370, SAM/R
_qFEDL
100 _aSamuel Ravi S
_9780200
245 0 _aComprehensive study of education
260 _aNew Delhi, India
_bPHI Learning Private Limited
_c2011
300 _axxix, 946p.
365 _aINR
_b695
942 _cTB
_h370, SAM/R
999 _c1393933
_d1393933